Código civil comentado. derechos reales. Doctrina. Jurisprudencia. Bibliografía., Tomo I : artículos 2.311 a 2.610 /
Guardado en:
| Formato: | Libro |
|---|---|
| Idioma: | Spanish |
| Publicado: |
Santa Fe :
Rubinzal Culzoni,
2007.
|
| Edición: | 1a. ed. 1a. reimp. |
| Materias: | |
| Etiquetas: |
Agregar Etiqueta
Sin Etiquetas, Sea el primero en etiquetar este registro!
|
| LEADER | 00582nam a22001575a 4500 | ||
|---|---|---|---|
| 001 | DER.der015327 | ||
| 008 | 251015s2007####|||||||||||||||||#||spa|| | ||
| 005 | 20251201144600.0 | ||
| 245 | 1 | 0 | |a Código civil comentado. |n Tomo I : |b derechos reales. Doctrina. Jurisprudencia. Bibliografía., |p artículos 2.311 a 2.610 / |c dirigido por Claudio Kiper. |
| 250 | |a 1a. ed. 1a. reimp. | ||
| 260 | |a Santa Fe : |b Rubinzal Culzoni, |c 2007. | ||
| 300 | |a 830 p. | ||
| 020 | |a 9789507275616 | ||
| 700 | 1 | |a Kiper, Claudio M., |e dir. | |
| 650 | 7 | |a DERECHO CIVIL | |
| 859 | |a DERECHO |b BIB. DERECHO |h 348.023 |i KIP |p 005392 |3 Tomo I | ||
